00548nam a22001697a 4500020001500000041000800015082001500023100002000038245007700058260005200135300002200187490002600209500005800235650002200293650003200315650003100347 a1856044114 aeng a029.7bDEE aDeegan, Marilyn aDigital futures : strategies for the information age/cby Marilyn Deegan aLondon:bLibrary Association Publishing,c2002. axii,276p.;c22cm. aDigital future series aIncludes Bibliography: p.243-259 Glossary and index. aDigital Libraries aDigitization of Information aDigital Information Centre